000 00640cam a2200241 4500
008 090401t1994 xxu||||| |||| 00| 0 eng d
020 _a0851219640
035 _a(Sirsi) u7935
041 _aeng
050 _a346.4104343
100 _aCotton, Geraldine
245 _aTransactions: commercial leases.
260 _aLondon
_bLongman
_c1994
300 _axviii,170p. ; 25cm.
350 _a58
650 _aBUSINESS TENANCIES
650 _aCOMMERCIAL LEASES
650 _aPROPERTY-COMMERCIAL PROPERTY
690 _aLANDLORD AND TENANT-BUSINESS TENANCIES
700 _aWynn-Jones, Rhiannon
942 _n0
948 _c04/03/1997
999 _c86461
_d86461